logo

Bir Sreshtho Munshi Abdur Rouf Library
Jhenaidah Cadet College

লিডারশিপ লেসনস : (Record no. 13031)

MARC details
000 -LEADER
fixed length control field 00959nam a2200229 a 4500
001 - CONTROL NUMBER
JCCL Control Number 13031
003 - CONTROL NUMBER IDENTIFIER
JCCL marc code BD-JhCC
005 - DATE AND TIME OF LATEST TRANSACTION
control field 20230614104107.0
008 - FIXED-LENGTH DATA ELEMENTS--GENERAL INFORMATION
fixed length control field 230614s2021 bg |||| |||| 000 0 ben d
020 ## - INTERNATIONAL STANDARD BOOK NUMBER
International Standard Book Number 9789848046128
035 ## - SYSTEM CONTROL NUMBER
system control number (BD-JhCC)13031
040 ## - CATALOGING SOURCE
Original cataloging agency BD-JhCC
Modifying agency BD-JhCC
041 ## - LANGUAGE CODE
Language code of Book ben
082 ## - DEWEY DECIMAL CLASSIFICATION NUMBER
Classification number 297.61
Author mark and Year BEG 2021
100 ## - MAIN ENTRY--PERSONAL NAME
Personal name বেইগ, মির্জা ইয়াওয়ার
245 ## - TITLE STATEMENT
Title লিডারশিপ লেসনস :
Remainder of title ফ্র দ্য লাইফ অব রাসূলুল্লাহ (সা:) /
Statement of responsibility, etc মির্জা ইয়াওয়ার বেইগ; নাজমুল হাসান (অনু.)
260 ## - PUBLICATION, DISTRIBUTION, ETC. (IMPRINT)
Place of publication, distribution, etc ঢাকা :
Name of publisher, distributor, etc সিয়ান পাবলিকেশন লিমিটেড,
Date of publication, distribution, etc ২০২১
300 ## - PHYSICAL DESCRIPTION
Pagination ১৮১ পৃ. :
Dimensions ২২ সেমি.
650 ## - SUBJECT ADDED ENTRY--TOPICAL TERM
Topical term or geographic name as entry element Leadership
Form subdivision Religious aspects
General subdivision Islam
700 ## - ADDED ENTRY--PERSONAL NAME
Personal name হাসান, নাজমুল
942 ## - ADDED ENTRY ELEMENTS (KOHA)
Source of classification or shelving scheme Dewey Decimal Classification
Koha item type Books
Holdings
Source of classification or shelving scheme Damaged status Not for loan Home library Current library Shelving location Date of accession Cost, normal purchase price Total Checkouts Full call number Barcode Checked out Date last seen Date checked out Copy number Method of acquisition Koha item type Currency
Dewey Decimal Classification     JCC Rouf Library JCC Rouf Library General Stacks 06/14/2023 290.00 5 297.61 BEG 2021 18004 11/01/2025 10/06/2025 10/06/2025 C-1 Purchase Books BDT

JCC Library | Contacts | JCC Home

Last Update on 23 September 2017
Copyright @ 2017-2020 JCC Rouf Library
Rouf Library, Jhenidah Cadet College (JCC), Bangladesh